000 00513nam a2200181Ia 4500
005 20250701162717.0
008 008 250516s9999 xx 000 0 eng d
020 _a9783111206462
040 _beng
_cSDCL
041 _aeng
_2eng
084 _aD6,8(B),2 R4
100 _aRadaideh, Moh’d A.
_9784427
245 0 _aSoftware project management :
_bWith PMI, IEEE-CS, and agile-SCRUM
260 _aGmbh :
_bDe Gruyter,
_c2024.
300 _axxx, 506
650 _aOperational Research
942 _cTEXL
_2CC
999 _c1429440
_d1429440